000 00428nam a2200181Ia 4500
001 17346
005 20260306171511.0
008 260306s9999||||xx |||||||||||||| ||und||
041 _aESP
082 _a657.72
_bA72
100 _aArias Copitan, Pablo
_eAUT
245 0 _aEstimación de cobranza dudosa
260 _c2017
300 _a48 pƔginas :
_c23 cm.
650 _aGEN
654 _aCCO
942 _cLIB
_dJUS
_fJUS
_2ddc
_n
999 _c17346
_d17346